000 00578nam a2200217Ia 4500
005 20241129105748.0
008 241129s9999||||xx |||||||||||||| ||und||
020 _a978-93-89351-34-7
037 _aTB
040 _aARTS
_beng
_cARTS
041 _aeng
_2eng
084 _aR5:(N) R3
_qARTS
100 _aHulatt Owen Ed.
_9724629
245 0 _aAesthetic and artistic autonomy
_cHulatt Owen Ed.
260 _aIndia
_bNew Bloomsbury
_c2011
300 _avii,243p.
365 _aINR
_b699
650 _aPhilosophy
942 _cTB
_hR5:(N) R3
999 _c1225818
_d1225818